संघात्मक शासन पद्धतिः कति सार्थक कति अनर्थक (Record no. 109711)
[ view plain ]
| 000 -LEADER | |
|---|---|
| fixed length control field | 00561nam a22001457a 4500 |
| 008 - FIXED-LENGTH DATA ELEMENTS--GENERAL INFORMATION | |
| fixed length control field | 230619b |||||||| |||| 00| 0 eng d |
| 041 ## - LANGUAGE CODE | |
| Language code of text/sound track or separate title | Nep. |
| 082 ## - DEWEY DECIMAL CLASSIFICATION NUMBER | |
| Classification number | N321.02/P467s |
| 100 ## - MAIN ENTRY--PERSONAL NAME | |
| Personal name | पन्त, शास्त्रदत |
| 245 ## - TITLE STATEMENT | |
| Title | संघात्मक शासन पद्धतिः कति सार्थक कति अनर्थक |
| 260 ## - PUBLICATION, DISTRIBUTION, ETC. | |
| Place of publication, distribution, etc. | काठमाडौंः |
| Name of publisher, distributor, etc. | पैरवी प्रकाशन, |
| Date of publication, distribution, etc. | २०६६वि. |
| 300 ## - PHYSICAL DESCRIPTION | |
| Extent | १७१पृ. |
| 650 ## - SUBJECT ADDED ENTRY--TOPICAL TERM | |
| Topical term or geographic name entry element | संघिय शासन |
| 942 ## - ADDED ENTRY ELEMENTS (KOHA) | |
| Source of classification or shelving scheme | Dewey Decimal Classification |
| Koha item type | General Collections |
| Withdrawn status | Lost status | Source of classification or shelving scheme | Damaged status | Not for loan | Home library | Current library | Shelving location | Date acquired | Total Checkouts | Full call number | Barcode | Date last seen | Price effective from | Koha item type |
|---|---|---|---|---|---|---|---|---|---|---|---|---|---|---|
| Dewey Decimal Classification | Tribhuvan University Central Library | Tribhuvan University Central Library | New Building | 06/19/2023 | N321.02/P467s | G90042 | 06/19/2023 | 06/19/2023 | General Collections |
